Normal view
MARC view
Entry Personal Name
001 - CONTROL NUMBER
- control field: 80964
003 - CONTROL NUMBER IDENTIFIER
- control field: OSt
005 - DATE AND TIME OF LATEST TRANSACTION
- control field: 20210327121023.0
008 - FIXED-LENGTH DATA ELEMENTS
- fixed length control field: 210327|| aca||aabn | a|a d
040 ## - CATALOGING SOURCE
- Original cataloging agency: OSt
- Transcribing agency: OSt
100 ## - HEADING--PERSONAL NAME
- Personal name: अरिहंत
670 ## - SOURCE DATA FOUND
- Source citation: Work cat.: (OSt): अरिहंत, स्टडी गाइड मध्यप्रदेश पुलिस आरक्षक जीडी भर्ती परीक्षा 2021, 2021









